UBT Library

Immulonogy Theoretical & Practical Concepts in Laboratory Medicine (Record no. 55141)

000 -LEADER
fixed length control field 00354nam a22001457a 4500
008 - FIXED-LENGTH DATA ELEMENTS--GENERAL INFORMATION
fixed length control field 210224b ||||| |||| 00| 0 eng d
020 ## - INTERNATIONAL STANDARD BOOK NUMBER
International Standard Book Number 9780721650029
041 ## - LANGUAGE CODE
Language code of text/sound track or separate title eng
080 ## - UNIVERSAL DECIMAL CLASSIFICATION NUMBER
Universal Decimal Classification number 575
082 ## - DEWEY DECIMAL CLASSIFICATION NUMBER
Classification number 575
100 ## - Rafti
Rafti 9
101 ## - Shkurtesa
Shkurtesa IMU
245 ## - TITLE STATEMENT
Title Immulonogy Theoretical & Practical Concepts in Laboratory Medicine
Statement of responsibility, etc Zane, H.D
942 ## - ADDED ENTRY ELEMENTS (KOHA)
Source of classification or shelving scheme
Item type Books
Holdings
Withdrawn status Lost status Source of classification or shelving scheme Damaged status Not for loan Collection code Permanent location Current location Shelving location Date acquired Total Checkouts Full call number Barcode Date last seen Price effective from Koha item type
          Koleksioni i përgjithshem UBT - Lipjan UBT - Lipjan Koleksioni i përgjithshem 02/24/2021   575 ZAN 002-6000641 02/24/2021 02/24/2021 Books
UBT Library © 2015-2024. All rights reserved University Education for Business and Technology